000 00531cam a22002171 4500
001 sa 67001557
003 DLC
005 20260227112324.0
008 890712s1965 ii c 000 0 hino
010 _asa 67001557
035 _a(OCoLC)19998716
040 _aDLC
_cWaU
_dDLC
042 _apremarc
050 0 0 _aDS481.P7
_bA3 1965
100 1 _aPrasad, Rajendra,
_d1884-1963.
245 1 0 _aĀtmakathā.
260 _c1965.
300 _a869 p.
_bports.
_c20 cm.
500 _aIn Hindi.
610 2 0 _aIndian National Congress.
999 _c72716
_d72716